1086 1825 1239 1763 1480 1810 1983 1556 1276 1558 1046 1865 1529 1041 1219 1756 1270 1194 1378 1266 1900 1461 1119 1658 1633 1945 1762 1052 1956 1496 1556 1480 1833 1337 1631 1068 1679 1412 1547 1193 1285 1860 1947 1336 1006 1076 1085 1389 1230 1128 1329 1390 1728 1807 1871 1455 1137 1202 1228 1987 1372 1797 1618 1375 1913 1709 1701 1251 1901 1703 1057 1929 1474 1279 1670 1936 1327 1498 1920 1794 1377 1075 1601 1507 1383 1274 1368 1635 1333 1544 1179 1044 1212 1453 1415 1965 1749 1871 1365 BCNSPRNW ULIB Ver.6.0+V

เปลี่ยนเป็นภาษาไทย

Change to English
 แสดงรายละเอียดบรรณานุกรม
  กลับหน้าหลัก

Brief Record : Get Marc (ISO 2709) : E-mail record : QR code < ปิดหน้าต่าง
LEADER : 00000nam 2200000uu 4500
001    13399114401
003     ULIB
008    120328s||||||||th 000 0 tha d
020    ^a9789742466350
050 04 ^aPL4158^bก563ห
100 0  ^aกำชัย ทองหล่อ
245 10 ^aหลักภาษาไทย /^cกำชัย ทองหล่อ
250    พิมพ์ครั้งที่ 53
260    ^aกรุงเทพฯ :^bรวมสาส์น,^c2552
300    ^a540 หน้า
650    ^aหลักภาษาไทย
945    ^p345^l0^i031492
995    ^aทศพร
999 ^a ทศพร
รายการนี้ยังไม่มีแท็ก
คุณยังไม่ได้ล็อกอิน คุณสามารถมีกิจกรรมร่วมกับเว็บไซต์ได้ แต่ต้องล็อกอินก่อน ::
  ล็อกอิน

รายการสื่อสารสนเทศ

ลำดับที่ ประเภท เลขเรียก/บาร์โค้ด สถานที่ สถานะ
- ไม่พบข้อมูล -

รายการใกล้เคียง
    ผู้แต่ง [กำชัย ทองหล่อ]

    หัวเรื่อง [หลักภาษาไทย]

BibComment


ยังไม่เคยถูกคอมเมนท์

คอมเมนท์ทรัพยากรรายการนี้
  คอมเมนท์: หลักภาษาไทย กำช..


 Copyright 2026. Bcnsprnw @Library